000 00752nam a2200289Ia 4500
005 20260324125155.0
008 008 260324s9999 xx 000 0 eng d
020 _a9780203869635
037 _aEBOOK
040 _aCRL
040 _beng
040 _cCRL
041 _2eng
041 _aeng
084 _qCRL
100 _aDavide Gualerzi
_91176976
245 4 _aThe Coming of Age of Information Technologies and the Path of Transformational Growth.
245 2 _bA long run perspective on the 2000s recession
260 _bTaylor and Francis
260 _c2009
365 _a
365 _b265
856 _uhttp://www.taylorfrancis.com/books/9780203869635
942 _cEBOOK
999 _c1771997
_d1771997